000 00301nam a22001337a 4500
008 170407b xxu||||| |||| 00| 0 eng d
020 _a0397506689
041 _aeng
080 _27TH
_a611.018
100 _a9
101 _aSHM
245 _aHISTOPATHOLOGY OF THE SKIN
_cLEVER, W.F
942 _2udc
_cBK
999 _c10082
_d10082